Quien es quien en la America del descubrimiento (1492-1600) / (رقم التسجيلة. 129077)

تفاصيل مارك
000 -LEADER
fixed length control field 01184cam a22003254a 4500
008 - FIXED-LENGTH DATA ELEMENTS--GENERAL INFORMATION
fixed length control field 030714s2003 sp b bd 000 0cspa
010 ## - LIBRARY OF CONGRESS CONTROL NUMBER
LC control number 2003499156
020 ## - INTERNATIONAL STANDARD BOOK NUMBER
International Standard Book Number 8448307356
040 ## - CATALOGING SOURCE
Original cataloging agency DLC
Transcribing agency DLC
Modifying agency DLC
043 ## - GEOGRAPHIC AREA CODE
Geographic area code n------
-- s------
-- e-sp---
050 00 - LIBRARY OF CONGRESS CALL NUMBER
Classification number E123
Item number .G625 2003
082 00 - DEWEY DECIMAL CLASSIFICATION NUMBER
Classification number 970.01/6/0922 2003
Edition number 22
092 04 - LOCALLY ASSIGNED DEWEY CALL NUMBER (OCLC)
Classification number 970.0160922
Item number G6437 2003
Edition number 21
099 ## - LOCAL FREE-TEXT CALL NUMBER (OCLC)
Classification number 04
-- 970.0160922 G6437 2003
100 1# - MAIN ENTRY--PERSONAL NAME
Personal name Gonzalez Ochoa, Jose Ma.
Fuller form of name (Jose Maria)
245 10 - TITLE STATEMENT
Title Quien es quien en la America del descubrimiento (1492-1600) /
Statement of responsibility, etc. Jose Maria Gonzalez Ochoa.
260 ## - PUBLICATION, DISTRIBUTION, ETC.
Place of publication, distribution, etc. Madrid :
Name of publisher, distributor, etc. Acento Editorial,
Date of publication, distribution, etc. c2003.
300 ## - PHYSICAL DESCRIPTION
Extent 477 p. :
Other physical details maps ;
Dimensions 23 cm.
440 #0 - SERIES STATEMENT/ADDED ENTRY--TITLE
Title Archivos Acento
504 ## - BIBLIOGRAPHY, ETC. NOTE
Bibliography, etc. note Includes bibliographical references (p. [473]-477).
650 #0 - SUBJECT ADDED ENTRY--TOPICAL TERM
Topical term or geographic name entry element Explorers
Geographic subdivision America
Form subdivision Biography
-- Dictionaries.
650 #0 - SUBJECT ADDED ENTRY--TOPICAL TERM
Topical term or geographic name entry element Explorers
Geographic subdivision Spain
Form subdivision Biography
-- Dictionaries.
651 #0 - SUBJECT ADDED ENTRY--GEOGRAPHIC NAME
Geographic name America
General subdivision Discovery and exploration
-- Spanish
Form subdivision Dictionaries.
653 ## - INDEX TERM--UNCONTROLLED
Uncontrolled term Amâerica
-- Descubrimiento y exploraciâon
-- Directorios.
902 ## - LOCAL DATA ELEMENT B, LDB (RLIN)
No. of Items 1
905 ## - LOCAL DATA ELEMENT E, LDE (RLIN)
Cataloger Jamal
Reviser Rev.
905 ## - LOCAL DATA ELEMENT E, LDE (RLIN)
Cataloger Jihan
Reviser cat.
942 ## - ADDED ENTRY ELEMENTS (KOHA)
Source of classification or shelving scheme Dewey Decimal Classification
Koha item type Books
المقتنيات
Source of classification or shelving scheme Not for loan Home library Current library Date acquired Full call number Barcode Date last seen Koha item type
Dewey Decimal Classification   المكتبة المركزبة الجديدة - جامعة القاهرة قاعة الثقاقات الاجنبية - الدور الثالث 11.02.2024 970.0160922 G6437 2003 Ref. Spa. 01000116002958000 05.07.2024 Reference
Cairo University Libraries Portal Implemented & Customized by: Eng. M. Mohamady Contacts: new-lib@cl.cu.edu.eg | cnul@cl.cu.edu.eg
CUCL logo CNUL logo
© All rights reserved — Cairo University Libraries
CUCL logo
Implemented & Customized by: Eng. M. Mohamady Contact: new-lib@cl.cu.edu.eg © All rights reserved — New Central Library
CNUL logo
Implemented & Customized by: Eng. M. Mohamady Contact: cnul@cl.cu.edu.eg © All rights reserved — Cairo National University Library